| 000 | 00885cam a2200253 a 4500 | ||
|---|---|---|---|
| 001 | 2616197 | ||
| 005 | 20221011104743.0 | ||
| 008 | 981013s1999 nyu 000 0 eng | ||
| 010 | _a 98031821 | ||
| 020 | _a0879518979 | ||
| 040 |
_aDLC _cDLC _dDLC |
||
| 050 | 0 | 0 |
_aPS3563.A4345 _bC56 1999 |
| 082 | 0 | 0 |
_a811.54 _bMAM |
| 100 | 1 |
_aMamet, David. _999794 |
|
| 245 | 1 | 4 |
_aThe Chinaman / _cDavid Mamet. |
| 250 | _a1st ed. | ||
| 260 |
_aWoodstock, N.Y. : _bOverlook Press, _c1999. |
||
| 300 |
_a72 p. ; _c21 cm. |
||
| 500 | _aErrata slip included. | ||
| 856 | 4 | 2 |
_3Contributor biographical information _uhttp://www.loc.gov/catdir/enhancements/fy1209/98031821-b.html |
| 906 |
_a7 _bcbc _corignew _d1 _eocip _f19 _gy-gencatlg |
||
| 942 |
_2ddc _cBK |
||
| 999 |
_c591659 _d591659 |
||